000 00341nam a22001577a 4500
003 SGT
020 _a9789354657986
082 _a614.1
_bM24P
100 _aPILLAY, V.V.
245 _aMODERN MEDICAL TOXICOLOGY
250 _a5TH
260 _aINDIA
_bJAYPEE PUB
_c2024
300 _a960
650 _aFORENSIC MEDICINE
942 _2ddc
_cBK
999 _c30757
_d30757